Đánh giá mức độ hài lòng của bệnh nhân về chất lượng dịch vụ tại bệnh viện đa khoa Hoàn Mỹ Cửu Long Thành Phố Cần Thơ : Luận văn: Chuyên ngành: quản trị kinh doanh k18

Bài nghiên cứu tiến hành phân tích mức độ hài lòng của bệnh nhân về chất lượng dịch vụ tại bệnh viện Hoàn Mỹ Cửu Long, từ đó đề xuất một số biện pháp nhằm nâng cao mức độ hài lòng của bệnh nhân....

全面介紹

Đã lưu trong:
書目詳細資料
主要作者: Hồ, Nguyên Kim Hạnh
格式: 圖書
語言:Undetermined
出版: Cần Thơ Đại Học Cần Thơ 2013
主題:
標簽: 添加標簽
沒有標簽, 成為第一個標記此記錄!
Thư viện lưu trữ: Trung tâm Học liệu Trường Đại học Cần Thơ
LEADER 01216nam a2200217Ia 4500
001 CTU_184480
008 210402s9999 xx 000 0 und d
082 |a 658.812 
082 |b H107 
088 |a 60340102 
100 |a Hồ, Nguyên Kim Hạnh 
245 0 |a Đánh giá mức độ hài lòng của bệnh nhân về chất lượng dịch vụ tại bệnh viện đa khoa Hoàn Mỹ Cửu Long Thành Phố Cần Thơ : 
245 0 |b Luận văn: Chuyên ngành: quản trị kinh doanh k18 
245 0 |c Hồ Nguyên Kim Hạnh ; Lưu Tiến Thuận hướng dẫn 
260 |a Cần Thơ 
260 |b Đại Học Cần Thơ 
260 |c 2013 
520 |a Bài nghiên cứu tiến hành phân tích mức độ hài lòng của bệnh nhân về chất lượng dịch vụ tại bệnh viện Hoàn Mỹ Cửu Long, từ đó đề xuất một số biện pháp nhằm nâng cao mức độ hài lòng của bệnh nhân. 
650 |a Quản trị kinh doanh,Business management 
904 |i Kim Thị Ngọc Yến 
980 |a Trung tâm Học liệu Trường Đại học Cần Thơ